|
|
|
|
| LEADER |
01352nam a2200313 a 4500 |
| 001 |
4960969 |
| 008 |
111124s1998 njua b 001 0 eng |
| 999 |
|
|
|c 11480
|d 11480
|
| 010 |
|
|
|a 97005622
|
| 020 |
|
|
|a 8120315855
|
| 020 |
|
|
|a 0138596875 (hardcover)
|
| 040 |
|
|
|a DLC
|c DLC
|d DLC
|d BD-DhAAL
|
| 050 |
0 |
0 |
|a HG4026
|b .V36 1998
|
| 082 |
0 |
0 |
|a 658.15
|2 21
|
| 100 |
1 |
|
|a Van Horne, James C.
|9 26421
|
| 245 |
1 |
0 |
|a Fundamentals of financial management /
|c James C. Van Horne and John M. Wachowicz, Jr.
|
| 250 |
|
|
|a 10th edition
|
| 260 |
|
|
|a Upper Saddle River, N.J. ;
|a New Delhi :
|b Prentice Hall,
|c c1998.
|
| 300 |
|
|
|a xiv, 737 pages :
|b illustrations ;
|c 26 cm.
|
| 500 |
|
|
|a Includes one calculator guide for financial management.
|
| 504 |
|
|
|a Includes bibliographical references and index.
|
| 541 |
|
|
|e 00008184
|
| 650 |
|
0 |
|a Corporations
|x Finance.
|9 26422
|
| 650 |
|
0 |
|a Business enterprises
|x Finance.
|9 26423
|
| 700 |
1 |
|
|a Wachowicz, John Martin.
|9 26424
|
| 852 |
1 |
|
|a Ayesha Abed Library
|c General shelf.
|
| 942 |
0 |
0 |
|0 2
|2 ddc
|c BK
|
| 952 |
|
|
|0 0
|1 0
|2 ddc
|4 0
|6 658_150000000000000_VAN
|7 0
|9 18666
|a BRACUL
|b BRACUL
|c GEN
|d 2011-11-23
|l 5
|m 15
|o 658.15 VAN
|p 3010008184
|r 2016-01-17
|s 2016-01-12
|t 1
|w 2011-11-23
|y BK
|
| 952 |
|
|
|0 0
|1 0
|2 ddc
|4 0
|6 658_150000000000000_VAN
|7 0
|9 55820
|a SCL
|b SCL
|c GEN
|d 2015-09-10
|g 370.00
|l 0
|o 658.15 VAN
|p 3020006608
|r 2015-09-10
|t 2
|w 2015-09-10
|y BK
|